| 000 | 01603cam a2200361 a 4500 | ||
|---|---|---|---|
| 001 | 33 | ||
| 003 | FISKH | ||
| 005 | 20241217123412.0 | ||
| 008 | 071016s2007 nyu b 000 1 eng | ||
| 010 | _a 2007281092 | ||
| 020 | _a9780307386878 (pbk.) | ||
| 040 |
_aDLC _cDLC |
||
| 043 | _ae-uk-en | ||
| 050 | 0 | 0 |
_aPR4034 _b.S4 2007 |
| 082 | 0 | 0 |
_a823/.7 _222 |
| 100 | 1 |
_aAusten, Jane _d1775-1817 |
|
| 245 | 1 | 0 |
_aSense and sensibility / _cJane Austen. |
| 250 | _aPublished by Vintage 2007 | ||
| 260 |
_aLondon : _bVintage Classics, _c2007 |
||
| 300 |
_a367 pages : _c21 cm |
||
| 505 | _aT | ||
| 520 | _aWhen Mr. Dashwood dies, he leaves his second wife and her three daughters at the mercy of his son and heir, John. John's wife convinces him to turn his step-mother and half-sisters out, and they move to a country cottage, rented to them by a distant relative. In their newly reduced circumstances Elinor and Marianne, the two eldest daughters, wrestle with ideas of romance and reality and their apparent opposition to each other. Elinor struggles in silent propriety, while Marianne is as violently romantic as her ideals. Life, however, teaches the girls to balance sense and sensibility in their approach to love and marriage. | ||
| 521 |
_a800 _bLexile |
||
| 521 |
_a T _bRaz-Paz |
||
| 650 | 0 |
_aInheritance and succession _vFiction. |
|
| 650 | 0 |
_aSocial classes _vFiction. |
|
| 650 | 0 |
_aYoung women _vFiction. |
|
| 650 | 0 |
_aSisters _vFiction. |
|
| 651 | 0 |
_aEngland _vFiction. |
|
| 655 | 7 |
_aLove stories. _2gsafd |
|
| 906 |
_a7 _bcbc _corigcop _d2 _eopcn _f20 _gy-gencatlg |
||
| 942 |
_2ddc _cBK _n0 |
||
| 999 |
_c33 _d33 |
||